[Event "TUR Cup"]
[Site "Denizli"]
[Date "2024.07.31"]
[Round "2"]
[White "Konyar, Enver"]
[Black "Karaca, Yigit1"]
[Result "1/2-1/2"]
[WhiteElo "1678"]
[BlackElo "1879"]
[PlyCount "158"]
[EventDate "2024.07.30"]
[EventType "swiss"]
[EventRounds "11"]
[EventCountry "TUR"]
[SourceTitle "EXT 2025"]
[Source "ChessBase"]
[SourceDate "2024.10.14"]
[SourceVersion "1"]
[SourceVersionDate "2024.10.14"]
[SourceQuality "1"]

1. b3 e5 2. Bb2 Nc6 3. c4 Nge7 4. Nf3 Ng6 5. e3 Be7 6. d4 exd4 7. Nxd4 0-0 8. Nxc6 dxc6 9. Qxd8 Rxd8 10. Be2 Bf5 11. 0-0 Bd3 12. Bxd3 Rxd3 13. Nc3 Rd2 14. Rab1 Rad8 15. Ne4 Rc2 16. Rfc1 Rxc1+ 17. Rxc1 f5 18. Ng3 Rd2 19. Bc3 Rd3 20. h3 Ba3 21. Rc2 Bd6 22. Nf1 f4 23. Bd2 Be5 24. exf4 Nxf4 25. Bxf4 Bxf4 26. g3 Bd6 27. Kg2 Kf7 28. Rd2 Rc3 29. Ne3 g6 30. Ng4 b5 31. Ne3 a5 32. cxb5 cxb5 33. Rd5 Rc5 34. Rd4 Ke6 35. Kf3 Rc3 36. Ke4 c5 37. Rd3 Rc1 38. Rd1 Rxd1 39. Nxd1 Be5 40. f4 Bd4 41. a4 bxa4 42. bxa4 Kd6 43. Ne3 Bxe3 44. Kxe3 Kd5 45. Kd3 h5 46. g4 h4 47. f5 gxf5 48. gxf5 Ke5 49. Kc4 Kxf5 50. Kxc5 Kf4 51. Kd4 Kg3 52. Ke3 Kxh3 53. Kf3 Kh2 54. Kf2 h3 55. Kf1 Kg3 56. Kg1 Kf4 57. Kh2 Kg4 58. Kg1 Kg5 59. Kh2 Kg4 60. Kg1 Kg3 61. Kh1 Kh4 62. Kg1 Kg3 63. Kh1 Kf3 64. Kh2 Kg4 65. Kg1 Kg3 66. Kh1 Kf3 67. Kh2 Kg4 68. Kg1 Kf4 69. Kh2 Ke3 70. Kxh3 Kd3 71. Kg3 Kc2 72. Kf2 Kb3 73. Ke2 Kxa4 74. Kd2 Ka3 75. Kc1 Ka2 76. Kc2 a4 77. Kc1 a3 78. Kc2 Ka1 79. Kc1 a2 1/2-1/2

[Event "TUR-ch U20"]
[Site "Samsun"]
[Date "2024.05.19"]
[Round "2"]
[White "Konyar, Enver"]
[Black "Yilmaz, Kerem Tuna"]
[Result "1-0"]
[WhiteElo "1606"]
[BlackElo "2039"]
[PlyCount "143"]
[EventDate "2024.05.18"]
[EventType "swiss"]
[EventRounds "9"]
[EventCountry "TUR"]
[SourceTitle "EXT 2025"]
[Source "ChessBase"]
[SourceDate "2024.10.14"]
[SourceVersion "1"]
[SourceVersionDate "2024.10.14"]
[SourceQuality "1"]

1. b3 e5 2. Bb2 Nc6 3. c4 Nf6 4. Nf3 d6 5. e3 Bf5 6. a3 e4 7. Nd4 Nxd4 8. Bxd4 Be7 9. Bb2 0-0 10. d4 exd3 11. Bxd3 Bxd3 12. Qxd3 d5 13. 0-0 dxc4 14. Qxc4 Qd5 15. Qxd5 Nxd5 16. Nd2 Rfd8 17. Rfd1 c5 18. h3 Rac8 19. Rac1 b5 20. Ne4 f5 21. Ng3 g6 22. e4 fxe4 23. Nxe4 Nf4 24. Rxd8+ Rxd8 25. Rc2 Rd1+ 26. Kh2 Nd3 27. Bf6 Bf8 28. Nc3 Rf1 29. Nxb5 Nxf2 30. Bh4 Ne4 31. Re2 a6 32. Rxe4 axb5 33. Be7 Ra1 34. Bxf8 Kxf8 35. a4 Rb1 36. Re3 c4 37. axb5 Rxb3 38. Re4 c3 39. Rc4 Ke7 40. b6 Kd6 41. b7 Kd5 42. Rxc3 Rxb7 43. Re3 Kd4 44. Re8 h5 45. Re6 g5 46. Ra6 Re7 47. Ra4+ Ke3 48. Ra5 Kf4 49. Ra1 Re5 50. Rf1+ Ke3 51. Re1+ Kd4 52. Rd1+ Kc4 53. Kg3 Rd5 54. Rxd5 Kxd5 55. h4 g4 56. Kf4 Kd4 57. Kg5 Ke3 58. Kxh5 Kf4 59. Kg6 g3 60. h5 Ke3 61. h6 Kf2 62. h7 Kxg2 63. h8Q Kg1 64. Kf5 g2 65. Kf4 Kf1 66. Qa1+ Kf2 67. Qb2+ Kf1 68. Kf3 g1N+ 69. Ke3 Nh3 70. Qe2+ Kg1 71. Kf3 Ng5+ 72. Kg3 1-0

[Event "TUR-ch U20"]
[Site "Samsun"]
[Date "2024.05.19"]
[Round "3"]
[White "Selvi, Kaan"]
[Black "Konyar, Enver"]
[Result "1-0"]
[WhiteElo "1881"]
[BlackElo "1606"]
[PlyCount "115"]
[EventDate "2024.05.18"]
[EventType "swiss"]
[EventRounds "9"]
[EventCountry "TUR"]
[SourceTitle "EXT 2025"]
[Source "ChessBase"]
[SourceDate "2024.10.14"]
[SourceVersion "1"]
[SourceVersionDate "2024.10.14"]
[SourceQuality "1"]

1. e4 c6 2. d4 d5 3. e5 c5 4. Nf3 cxd4 5. Nxd4 Nc6 6. Bb5 Qc7 7. 0-0 e6 8. c4 Nge7 9. Nc3 a6 10. cxd5 Nxd5 11. Nxd5 exd5 12. Nxc6 bxc6 13. Ba4 Bd7 14. Bg5 Be7 15. Bxe7 Kxe7 16. Rc1 Rhc8 17. Qd3 g6 18. Qf3 c5 19. Bb3 Be6 20. Bxd5 Bxd5 21. Qxd5 Rd8 22. Rxc5 Rxd5 23. Rxc7+ Kf8 24. e6 fxe6 25. Rxh7 Kg8 26. Re7 Rd2 27. Rb1 Rc8 28. h4 Rcc2 29. Rxe6 Rxf2 30. Rxg6+ Kh7 31. Rg4 Kh6 32. Kh2 Kh5 33. Kh3 Rfe2 34. Rd1 Rxb2 35. Rg5+ Kh6 36. Rd6+ Kh7 37. Rxa6 Rxa2 38. Rxa2 Rxa2 39. g3 Kh6 40. Rb5 Ra3 41. Rf5 Ra4 42. Rf6+ Kg7 43. Rb6 Rc4 44. h5 Ra4 45. g4 Ra5 46. Kh4 Rc5 47. Rb7+ Kh8 48. h6 Rc1 49. Kh5 Rc5+ 50. g5 Ra5 51. Rf7 Rb5 52. Kg6 Rb8 53. Rf5 Ra8 54. Kh5 Rb8 55. g6 Ra8 56. h7 Rb8 57. Kh6 Rb5 58. Rf8# 1-0

[Event "TUR-ch Youth"]
[Site "Denizli"]
[Date "2022.05.25"]
[Round "3"]
[White "Egeli, Sercan Veli"]
[Black "Konyar, Enver"]
[Result "1-0"]
[WhiteElo "1582"]
[BlackElo "1214"]
[PlyCount "101"]
[EventDate "2022.05.24"]
[EventType "swiss"]
[EventRounds "9"]
[EventCountry "TUR"]
[SourceTitle "EXT 2023"]
[Source "ChessBase"]
[SourceDate "2022.10.05"]
[SourceVersion "1"]
[SourceVersionDate "2022.10.05"]
[SourceQuality "1"]

1. e4 c5 2. Nf3 Nc6 3. c3 d6 4. d4 cxd4 5. cxd4 e6 6. Nc3 Nf6 7. Bd3 Be7 8. 0-0 a6 9. Re1 0-0 10. a3 b5 11. e5 dxe5 12. dxe5 Nd7 13. Qc2 h6 14. Nxb5 Nc5 15. Rd1 Nxd3 16. Rxd3 Qa5 17. Qxc6 Qxb5 18. Qxb5 axb5 19. Be3 Bb7 20. Rd7 Bxf3 21. gxf3 Rfe8 22. Rc1 Rad8 23. Rb7 Rd5 24. Rcc7 Kf8 25. b4 Rxe5 26. Bc5 Rg5+ 27. Kf1 Bxc5 28. Rxf7+ Kg8 29. h4 Be7 30. Rfxe7 Rxe7 31. Rb8+ Re8 32. Rxe8+ Kf7 33. Ra8 Rh5 34. Ra5 Kg6 35. Ra6 Kf6 36. Rb6 Re5 37. Kg2 Kf5 38. Kg3 Rd5 39. Rb7 g6 40. Rf7+ Ke5 41. f4+ Ke4 42. f3+ Kd3 43. Rf6 e5 44. fxe5 Rxe5 45. Rxg6 Ke3 46. Rxh6 Re7 47. Rh5 Rf7 48. Re5+ Kd4 49. Rxb5 Ke3 50. Re5+ Kd4 51. Re4+ 1-0